One-Name Musicians - Statistics

General Stats
  • This quiz has been taken 58 times
  • The average score is 10 of 14
Answer Stats
Picture Answer % Correct
Drake
94%
Beyonce
92%
Eminem
92%
Rihanna
92%
Prince
90%
Madonna
84%
Cher
82%
Sting
82%
Bono
78%
Tupac
76%
Slash
67%
Morrissey
35%
Beck
31%
Ozzy (Osborne)
16%
No matching quizzes found
Score Distribution
Percent of People with Each Score
Percentile by Number Answered
Your Score History
You have not taken this quiz